000 00680 a2200181 4500
003 NUST
038 _aa
082 _aBICSE-2
100 _a M. Hassan Sajid
_992889
245 _aTo Deploy and configure A Comprehensive Network Monitoring and Analysis Solution for the NUST-SEECS Network [Project BICSE2]
_cM. Hassan Sajid
260 _a Islamabad,
_bNUST School of Electrical Engineering & Computer Science,
_c2008.
300 _a65 p.
_b: ill.
_c; 27 cm. +
_eCD-ROM
500 _aSupervisors : Mr. Ali Sajjad, Mr. Ali Haider.
563 _aa
700 _a Muhammad Awais
_951909
856 _uhttp://10.250.8.41:8080/xmlui/handle/123456789/10738
942 _cTHE
_kBICSE-2 HAS
_2ddc
999 _c9149
_d9149